000 00327nam a2200145Ia 4500
100 _aKapil Dev
942 _cBK
654 _aWorkshop calculation
245 _aWorkshop Calculation and science:Electrical
260 _bAsian Pub.
_aDelhi
_c2001
082 _a621.3
_bDEV
300 _a600
546 _aENGLISH
999 _c17878
_d17878